| Tag |
First Indicator |
Second Indicator |
Subfields |
| LEADER |
00000pam a2200000 a 4500 |
| 001 |
in00000086641 |
| 005 |
20151008062704.0 |
| 008 |
820208s1982 nyua b 00000 eng |
| 010 |
|
|
|a 82000835
|
| 020 |
|
|
|a 0873322061
|
| 035 |
|
|
|a (OCoLC)08219101
|
| 035 |
|
|
|9 AAK0740AM
|
| 039 |
0 |
|
|a 2
|b 3
|c 3
|d 3
|e 3
|
| 040 |
|
|
|a DLC
|c DLC
|d TXA
|d UtOrBLW
|
| 041 |
1 |
|
|a eng
|h rus
|
| 043 |
|
|
|a e-ur---
|
| 049 |
|
|
|a TXAM
|c [1387771]
|
| 050 |
0 |
0 |
|a HB135
|b N49 1982
|
| 082 |
0 |
|
|a 330/.01/51
|2 19
|
| 245 |
0 |
0 |
|a New trends in Soviet economics /
|c edited by Martin Cave, Alastair McAuley, and Judith Thornton ; [translated by Martin Cave].
|
| 264 |
|
1 |
|a Armonk, New York :
|b M.E. Sharpe,
|c [1982]
|
| 264 |
|
4 |
|c ©1982
|
| 300 |
|
|
|a x, 413 pages :
|b illustrations ;
|c 24 cm.
|
| 336 |
|
|
|a text
|b txt
|2 rdacontent
|
| 337 |
|
|
|a unmediated
|b n
|2 rdamedia
|
| 338 |
|
|
|a volume
|b nc
|2 rdacarrier
|
| 500 |
|
|
|a Translated from the Russian.
|
| 500 |
|
|
|a Selections from: Matekon.
|
| 504 |
|
|
|a Includes bibliographical references.
|
| 650 |
|
0 |
|a Economics, Mathematical
|z Soviet Union.
|
| 700 |
1 |
|
|a Cave, Martin.
|
| 700 |
1 |
|
|a McAuley, Alastair,
|d 1938-
|
| 700 |
1 |
|
|a Thornton, Judith.
|
| 730 |
0 |
|
|a Matekon.
|
| 999 |
|
|
|a MARS
|
| 999 |
f |
f |
|s e87518b9-176b-3a68-bf13-e4a517779348
|i 7c84e696-a317-3bae-b7f5-7c3e74de4443
|t 0
|
| 952 |
f |
f |
|p ric
|a Texas A&M University
|b Rellis Campus
|c Joint Library Facility
|d Remote Storage
|t 0
|e HB135 N49 1982
|h Library of Congress classification
|i unmediated -- volume
|m A14805957958
|
| 998 |
f |
f |
|a HB135 N49 1982
|t 0
|l Remote Storage
|